00834 a2200181 45000010006000000050017000060080041000230030015000640400040000790800145001192450037002640200018003012500011003192640036003303000019003665050238003851000029006232369720260407155523.0260407a1982 arg spa dAR-UNSa-BCEJYS aAR-UNSa-BCEJYSbspacAR-UNSa-BCEJYS a658.012.4xGestión. Dirección. Autoridad. Técnicas y métodos de gestión (gestión del conocimiento, Outsourcing, Benchmarking...)10aLa gerencia en tiempos dificiles a950-02-3536-6 a2a. ed 1aBuenos Aires :bEl Ateneoc1982 a184 p.c23 cm. a1. Dirigiendo los elementos fundamentales - 2. Dirigiendo para el mañana - 3. Dirigiendo el cambio oceánico: la nueva estructura de la población y la nueva dinámica de la población - 4. La gerencia en ambientes turbulentos 1 aDrucker, Peter Ferdinand